| 000 | 00340nam a22001457a 4500 | ||
|---|---|---|---|
| 020 | _qPB. | ||
| 040 | _cFIZZA ISHAQ | ||
| 082 |
_a006.31 _bABH |
||
| 100 |
_aGHATAK, ABHIJIT. _928806 |
||
| 245 |
_aMACHINE LEARNING WITH "R" / _cABHIJIT GHATAK. |
||
| 250 | _a1st ED. | ||
| 260 |
_bSPRINGER, _c2017. |
||
| 300 | _a232 P. ; | ||
| 942 |
_2ddc _cBK |
||
| 999 |
_c589785 _d589785 |
||